| 000 | 01399nam a22002297a 4500 | ||
|---|---|---|---|
| 003 | SEM | ||
| 005 | 20220608070746.0 | ||
| 008 | 170807b xxu||||| |||| 00| 0 arm d | ||
| 040 |
_aՍԷՄ _cՍԷՄ |
||
| 041 | 0 | _aarm. | |
| 080 | _a947.925(093.1)/Մ-51 | ||
| 100 | 1 | _aՄելիքսեթ-Բեկ Լևոն | |
| 245 | 1 | 4 |
_aՎրաց աղբյուրները Հայաստանի և հայերի մասին: _bՔաղվածքներ վրացերեն բնագրերից հայերեն թարգմանությամբ. ներածություն - ծանոթություններով և հավելվածներով: / _cԼ. Մելիքսեթ-Բեկ; ՀՍԽՀ Լուսժողկոմատ |
| 260 |
_aՅերևան: _a[Երևան]: _bՄելքոնյան ֆոնդի հրատ., _c1934. |
||
| 300 |
_aՀ.; _c22 սմ. |
||
| 504 | _aՀ. Ա - Ցանկ հատուկ անունների` էջ 225-251; Index nominum p.: 253-257: Հավելում. և ուղղում.` էջ 259-260: Հ. Բ - Ցանկ հատուկ անունների` էջ 145-162; Index nominum p.: 163-164: Հ. Գ - Անձն. ցանկ` էջ 313-327; Տեղ. ցանկ` 328-338: | ||
| 505 |
_aՀ. Ա - _tԵ-ԺԲ դար, _g1934.- 268: |
||
| 505 |
_aՀ. Բ - _tԺԳ-ԺԸ դար, _g1936.- 168: |
||
| 505 |
_aՀ. Գ - _tԺԸ-ԺԹ դդ., _g1955.- 345: |
||
| 650 |
_aՀայ ժողովրդի պատմություն _xօտար սկզբնաղբյուրներ |
||
| 942 |
_2udc _cBK |
||
| 999 |
_c42539 _d42539 |
||